Catalog

Record Details

Catalog Search



Available copies

  • 1 of 1 copy available at LARL/NWRL Consortium.
  • 1 of 1 copy available at Lake Agassiz Regional Library. (Show preferred library)

Current holds

0 current holds with 1 total copy.

Show Only Available Copies
Location Call Number / Copy Notes Barcode Shelving Location Status Due Date
Mahnomen Public Library 921 SIT (Text) 33500009806613 Main Available -

Record details

  • ISBN: 9781594160608
  • ISBN: 1594160600
  • Physical Description: 379 p. : ill., maps ; 24 cm.
  • Publisher: Yardley, Pa. : Westholme Pub., c2008.

Content descriptions

General Note:
Map on lining papers.
Bibliography, etc. Note:
Includes bibliographical references (p. 361-366) ... Read More
Subject: Sitting Bull, 1831-1890.
Dakota Indians > Kings and rulers > Biography.
Dakota Indians > Biography.
Dakota Indians > Government relations.
Dakota Indians > Wars.
LDR 01336cam a2200373 a 4500
00196238
003LARL_NWRL_CONSORTIUM
00520080911115759.0
008080212s2008 nyuab b 001 0beng c
015 . ‡aGBA820350 ‡2bnb
0167 . ‡a014525125 ‡2Uk
020 . ‡a9781594160608
020 . ‡a1594160600
035 . ‡a(OCoLC)184822192
040 . ‡aUKM ‡cUKM ‡dBTCTA ‡dBAKER ‡dYDXCP ‡dNBJ ‡dOCLCQ ‡dIQU
042 . ‡apcc
043 . ‡anp-----
08204. ‡a978.00497520092 ‡222
1001 . ‡aYenne, Bill, ‡d1949- ‡0(LARL_NWRL_CONSORTIUM)79414
24510. ‡aSitting Bull / ‡cBill Yenne.
260 . ‡aYardley, Pa. : ‡bWestholme Pub., ‡cc2008.
300 . ‡a379 p. : ‡bill., maps ; ‡c24 cm.
500 . ‡aMap on lining papers.
504 . ‡aIncludes bibliographical references (p. 361-366) and index.
60000. ‡aSitting Bull, ‡d1831-1890. ‡0(LARL_NWRL_CONSORTIUM)643
650 0. ‡aDakota Indians ‡xKings and rulers ‡vBiography.
650 0. ‡aDakota Indians ‡vBiography. ‡0(LARL_NWRL_CONSORTIUM)164527
650 0. ‡aDakota Indians ‡xGovernment relations. ‡0(LARL_NWRL_CONSORTIUM)18191
650 0. ‡aDakota Indians ‡xWars. ‡0(LARL_NWRL_CONSORTIUM)18196
901 . ‡a96238 ‡bOCLC ‡c96238 ‡tbiblio

Additional Resources